Roberts v Swansgrove Estates Ltd (Record no. 106715)

MARC details
000 -LEADER
fixed length control field 01673cam a2200277 4500
001 - CONTROL NUMBER
control field L137291
008 - FIXED-LENGTH DATA ELEMENTS--GENERAL INFORMATION
fixed length control field 070328s2007 xxk f 000 0 eng d
035 ## - SYSTEM CONTROL NUMBER
System control number (Sirsi) u137291
041 0# - LANGUAGE CODE
Language code of text/sound track or separate title eng
245 00 - TITLE STATEMENT
Title Roberts v Swansgrove Estates Ltd
Medium [electronic resource]
260 ## - PUBLICATION, DISTRIBUTION, ETC.
Date of publication, distribution, etc. 2007
520 ## - SUMMARY, ETC.
Summary, etc. [2007] EWHC 513 (Ch). After Mr Roberts' acquisition of the Lordship Marcher of Magor, Mr Roberts set about registering a Caution against first registration at HM Land Registry but soon found himself, in relation to registration, in conflict with the first defendant, Swangrove Estates Limited as to a slim area which is said to be within the Manor or sub-manor of Porton (and hence is claimed by Mr Roberts, as part of a sub-manor, to fall within his Lordship Marcher of Magor. In their respective defences, each of the Defendants sets out his or its respective alleged paper title to the area claimed from that Defendant by the Claimant and also pleaded relying on adverse possession and limitation. "Held" due to the claims of adverse possession and limitation, Swangrove's claims fail.
590 ## - LOCAL NOTE (RLIN)
Local note KA
650 24 - SUBJECT ADDED ENTRY--TOPICAL TERM
Topical term or geographic name entry element ROBERTS V SWANSGROVE ESTATES
650 24 - SUBJECT ADDED ENTRY--TOPICAL TERM
Topical term or geographic name entry element LIMITATION ACT 1980
650 24 - SUBJECT ADDED ENTRY--TOPICAL TERM
Topical term or geographic name entry element LIMITATION ACT 1939
650 24 - SUBJECT ADDED ENTRY--TOPICAL TERM
Topical term or geographic name entry element POWELL V MCFARLANE
650 24 - SUBJECT ADDED ENTRY--TOPICAL TERM
Topical term or geographic name entry element BUCKINGHAMSHIRE COUNTY COUNCIL V MORAN
650 24 - SUBJECT ADDED ENTRY--TOPICAL TERM
Topical term or geographic name entry element LORD ADVOCATE V LORD LOVAT
650 24 - SUBJECT ADDED ENTRY--TOPICAL TERM
Topical term or geographic name entry element LORD ADVOCATE V LORD BLANTYRE
650 24 - SUBJECT ADDED ENTRY--TOPICAL TERM
Topical term or geographic name entry element PYE V GRAHAM
651 #4 - SUBJECT ADDED ENTRY--GEOGRAPHIC NAME
Geographic name England and Wales
Chronological subdivision 1543-
690 ## - LOCAL SUBJECT ADDED ENTRY--TOPICAL TERM (OCLC, RLIN)
Topical term or geographic name as entry element PROPERTY-PROPERTY MANAGEMENT-BOUNDARY DETERMINATION
856 48 - ELECTRONIC LOCATION AND ACCESS
Uniform Resource Identifier <a href="https://www.bailii.org/ew/cases/EWHC/Ch/2007/513.html">https://www.bailii.org/ew/cases/EWHC/Ch/2007/513.html</a>
Public note View the item free of charge at www.bailii.org...
942 ## - ADDED ENTRY ELEMENTS (KOHA)
Suppress in OPAC 0
Holdings
Withdrawn status Lost status Source of classification or shelving scheme Damaged status Not for loan Home library Current library Shelving location Date acquired Total Checkouts Full call number Barcode Date last seen Copy number Price effective from Koha item type
    Dewey Decimal Classification     Virtual Virtual Online 28/03/2007   ONLINE PUBLICATION 137291-2001 06/08/2019 1 06/08/2019 Law report